Meranie výkonnosti poštového podniku a poštového odvetvia

Ekonomickú výkonnosť podnikov poskytujúcich poštové služby možno merať v dvoch rovinách a to ako: meranie výkonnosti poskytovateľa univerzálnej služby, meranie výkonnosti poštového trhu. Návrh metodiky pre meranie výkonnosti poštového sektora.

Salvato in:
Dettagli Bibliografici
Autore principale: Madleňáková, Lucia
Natura: Capitolo di libro
Lingua:slovacco
Soggetti:
Tags: Aggiungi Tag
Nessun Tag, puoi essere il primo ad aggiungerne!!

MARC

LEADER 00000nla a2200000 4500
001 0151654
005 20230113121318.0
041 0 |a slo 
044 |a SK 
245 1 0 |a Meranie výkonnosti poštového podniku a poštového odvetvia  |c Lucia Madleňáková 
520 |a Ekonomickú výkonnosť podnikov poskytujúcich poštové služby možno merať v dvoch rovinách a to ako: meranie výkonnosti poskytovateľa univerzálnej služby, meranie výkonnosti poštového trhu. Návrh metodiky pre meranie výkonnosti poštového sektora. 
610 2 0 |a pošty 
610 2 0 |a efektívnosť ekonomická 
610 2 0 |a meranie výkonnosti 
100 1 |a Madleňáková, Lucia